000 00304nam a2200145Ia 4500
100 _aGolden/Bernard
942 _cBK
366 _f25
245 _aVirtualization for dummies
260 _bWiley India
_c2008
082 _a5.133
_bGOL
300 _a362
546 _aENGLISH
_celectronics
999 _c19615
_d19615